Loading...
| History - Other | 0 | 4 | 0 | 0 | 40 | 40 | 76.50 | 1 | 1 | 0.00 | 0.00 |
| Literature - European | 0 | 4 | 0 | 0 | 40 | 99 | 128.25 | 0 | 1 | 0.00 | 0.00 |
| Literature - World | 0 | 4 | 0 | 0 | 40 | 80 | 106.00 | 1 | 2 | 0.00 | 0.00 |
| Fine Arts - Classical Music | 0 | 4 | 1 | 1 | 35 | 116 | 129.75 | 0 | 0 | 0.00 | 0.00 |
| Religion | 0 | 4 | 1 | 1 | 35 | 55 | 91.00 | 1 | 2 | 0.00 | 0.00 |
| Fine Arts - Painting and Sculpture | 0 | 3 | 0 | 2 | 30 | 77 | 115.67 | 0 | 1 | 0.00 | 0.00 |
| History - American | 0 | 3 | 0 | 2 | 30 | 122 | 125.67 | 0 | 0 | 0.00 | 0.00 |
| Fine Arts - Other | 0 | 3 | 0 | 0 | 30 | 80 | 95.33 | 0 | 3 | 0.00 | 0.00 |
| Literature - American | 0 | 3 | 1 | 0 | 25 | 117 | 122.33 | 0 | 0 | 0.00 | 0.00 |
| Social Science | 0 | 2 | 0 | 0 | 20 | 65 | 74.50 | 0 | 2 | 0.00 | 0.00 |
| History - European | 0 | 2 | 0 | 0 | 20 | 86 | 97.00 | 0 | 1 | 0.00 | 0.00 |
| Literature - British | 0 | 3 | 2 | 0 | 20 | 79 | 101.33 | 0 | 1 | 0.00 | 0.00 |
| Mythology | 0 | 2 | 1 | 1 | 15 | 103 | 127.00 | 0 | 1 | 0.00 | 0.00 |
| Other Academic | 0 | 1 | 0 | 0 | 10 | 131 | 131.00 | 0 | 0 | 0.00 | 0.00 |
| Philosophy | 0 | 1 | 0 | 0 | 10 | 156 | 156.00 | 0 | 0 | 0.00 | 0.00 |
| History - World | 0 | 1 | 1 | 1 | 5 | 133 | 133.00 | 0 | 0 | 0.00 | 0.00 |